QUEST Central Library Banner

Schaum's Outline of Introduction to Computer Science (Record no. 5948)

MARC details
000 -LEADER
fixed length control field 00501nmm a2200145 a 4500
020 ## - INTERNATIONAL STANDARD BOOK NUMBER
ISBN 0071165967(Paperback)
082 ## - DEWEY DECIMAL CLASSIFICATION NUMBER
Classification number 005.133TOC
100 1# - MAIN ENTRY--AUTHOR NAME
Personal name Mata-Toledo, Ramon.
245 10 - TITLE STATEMENT
Title Schaum's Outline of Introduction to Computer Science
260 ## - PUBLICATION, DISTRIBUTION, ETC. (IMPRINT)
Place of publication New Delhi
Name of publisher McGraw-Hill,
Year of publication 2000.
300 ## - PHYSICAL DESCRIPTION
Number of Pages VIII,296p
650 ## - SUBJECT ADDED ENTRY--TOPICAL TERM
Topical Term Computer science
-- Computer science--Study and teaching
-- Electronic digital computers
856 40 - ELECTRONIC LOCATION AND ACCESS
Uniform Resource Identifier http://www.amazon.com/exec/obidos/ASIN/B000WETJN8/chopaconline-20
942 ## - ADDED ENTRY ELEMENTS (KOHA)
Koha item type Books
Holdings
Withdrawn status Lost status Home library Current library Date acquired Full call number Accession Number Koha item type Collection code Shelving location
    Central Library, QUEST, Nawabshah Central Library, QUEST, Nawabshah 10/06/2014 004TOL 26690 Books    
    Central Library, QUEST, Nawabshah Central Library, QUEST, Nawabshah 11/06/2014 004TOL 26466 Books    
    Reference Section Reference Section 10/06/2014 004.076 TOL (Shelf-8F) 26691 Books Reference Reference

Copyright © 2018,The QUEST, Nawabshah, Shaheed Benazirabad. All rights reserved
Mr. G. Farooq Channar (Librarian) QUEST, Nawabshah, Sindh, Pakistan 67480.
 Ph#: |   0244-9370381-4 Ext. 2308   Email| lib@quest.edu.pk   Web|  http://www.quest.edu.pk